| 000 | 01108nas a2200361 4500 | ||
|---|---|---|---|
| 001 | BR2016000117 | ||
| 003 | BR-BrBNA | ||
| 005 | 20231205130036.0 | ||
| 007 | ta | ||
| 008 | 230509b bl.|||p| |||| 00| 00por d | ||
| 040 |
_aBR-BrBNA _bpor _cBiblioteca Nacional de Agricultura |
||
| 041 | _a(Pt) | ||
| 072 | _aQ02 | ||
| 100 | 1 | _aSilva, L.R. da | |
| 100 | 1 | _aMagalhães, M.C. | |
| 100 | 1 | _aTeixeira, N.M. | |
| 100 | 1 | _aBarreira, T.F. | |
| 100 | 1 | _aMartins, M.L. | |
| 100 | 1 | _aCampos, A.N. da R. | |
| 100 | 1 | _aAndrade, F.M.C. de | |
| 100 | 1 | _aSilva, F.J.M. da | |
| 100 | 1 | _aMartins, E.M.F. | |
| 245 | 1 | _aAtividade antimicrobiana de extratos vegetais e própolis contra estirpes de Staphylococcus aureus isoladas de leite cru granelizado | |
| 650 | _aLEITE | ||
| 650 | _aMAMITE | ||
| 650 | _aBOVINO | ||
| 650 | _aSTAPHYLOCOCCUS AUREUS | ||
| 650 | _aMICROBIOLOGIA DE ALIMENTO | ||
| 650 | _aBACTERIA | ||
| 773 | 0 |
_tHigiene Alimentar (Brazil) _xISSN 0101-9171 _g(Sep-Oct 2015), v. 29(248-249) p. 67-71 _wBR2016000117 |
|
| 909 |
_a202311 _bLúcia _c55 _dLúcia Elande |
||
| 942 |
_2AGRIS _n0 _cANA |
||
| 999 |
_c247587 _d247587 |
||